| 000 | 00661nam a2200205 a 4500 | ||
|---|---|---|---|
| 001 | BRCA_1652 | ||
| 005 | 20190320203507.0 | ||
| 008 | spas19s1989-mx-mx-a---###---#000-paspa-# | ||
| 020 | _a9686363017 | ||
| 050 | 4 |
_aNA757.M4 _b.S36 1989 |
|
| 100 | 1 |
_aSánchez de Carmona, Manuel _95155 |
|
| 245 | 1 | 0 |
_aTraza y plaza de la Ciudad de México en el siglo XVI _cManuel Sanchez de Carmona. |
| 260 |
_aMéxico _bTilde, UAM _c1989. |
||
| 300 |
_a140 p. _bil. _c26 cm. |
||
| 500 | _aIncluye apéndices | ||
| 504 | _aBibliografía: p. 123-140 | ||
| 650 | 1 | 4 |
_aArquitectura _xHistoria _zCiudad de México _95156 |
| 651 | 4 |
_aMéxico (Ciudad) _xEdificios _95157 |
|
| 942 |
_2lcc _cB |
||
| 999 |
_c1450 _d1450 |
||